Chansonnier historique du XVIII siècle / (Record no. 48158)

MARC details
000 -LEADER
campo de control de longitud fija 00515nam a22001695i 4500
001 - NÚMERO DE CONTROL
campo de control 48158
003 - IDENTIFICADOR DE NÚMERO DE CONTROL
campo de control ES-MaACL
005 - FECHA Y HORA DE LA ÚLTIMA TRANSACCIÓN
campo de control 20230906161714.0
007 - CAMPO FIJO DE DESCRIPCIÓN FÍSICA--INFORMACIÓN GENERAL
campo de control de longitud fija t|
008 - DATOS DE LONGITUD FIJA--INFORMACIÓN GENERAL
campo de control de longitud fija 950707m18791884fr ||||1| fre d
040 ## - FUENTE DE CATALOGACIÓN
Centro catalogador/agencia de origen CAM
Lengua de catalogación spa
Centro/agencia transcriptor CAM
245 00 - MENCIÓN DEL TÍTULO
Título Chansonnier historique du XVIII siècle /
Mención de responsabilidad, etc. publié avec introduction, commentaire, notes et index par Emile Raunie.
260 ## - PUBLICACIÓN, DISTRIBUCIÓN, ETC.
Lugar de publicación, distribución, etc. Paris :
Nombre del editor, distribuidor, etc. A. Quantin,
Fecha de publicación, distribución, etc. 1879-1884.
300 ## - DESCRIPCIÓN FÍSICA
Extensión 10 v. ;
Dimensiones 18 cm.
700 1# - ENTRADA AGREGADA--NOMBRE PERSONAL
Nombre de persona Raunie, Emile.
9 (RLIN) 95552
852 ## - LOCALIZACIÓN
Ubicación ES-MaACL
Número de control de estantería C-19374-83
Holdings
Estatus retirado Estado de pérdida Estado de daño No para préstamo Colección Biblioteca de origen Biblioteca actual Ubicación en estantería Fecha de adquisición Fuente de adquisición Total de préstamos Signatura topográfica completa Código de barras Visto por última vez Precio de reemplazo Tipo de ítem Koha
        Libros del s. XIX Biblioteca del Ateneo de Madrid Biblioteca del Ateneo de Madrid Mesetón 17/01/2008     C-19374-83 1050684 23/02/2023 23/02/2023 Libro impreso antiguo